| 000 | 00764nam a2200205 i 4500 | ||
|---|---|---|---|
| 001 | 115961 | ||
| 003 | ES-MaACL | ||
| 005 | 20230906190613.0 | ||
| 007 | t| | ||
| 008 | 061121s1914 sp |||| | spa d | ||
| 100 | 1 |
_aPanedas y Mesquida, Narciso. _988764 |
|
| 245 | 1 | 0 |
_aNoticia histórica del cementerio católico de la ciudad de Mahón / _cNarciso Panedas y Mesquida. |
| 260 |
_aMahón : _b[s.n.], _c1914 ( _fEst. Tip. de M. Sintes Rotger) |
||
| 300 |
_a7 p. ; _c21 cm. |
||
| 530 | _aDisponible en formato digital. | ||
| 650 | 4 |
_aCementerios- _zEspaña. _9135747 |
|
| 651 | 4 |
_aMahón- _xHistoria. _9157685 |
|
| 852 |
_aES-MaACL _jT-1427-F-13 |
||
| 856 |
_uhttp://bvpb.mcu.es/es/consulta/registro.cmd?id=488228 _zBiblioteca Virtual del Patrimonio Bibliográfico |
||
| 999 |
_c115961 _d115961 |
||